000 00338pab a2200157 454500
008 180718b2002 xxu||||| |||| 00| 0 eng d
100 _aDhillon, K.S.
245 _aPolice reforms
260 _c2002
300 _ap.4.
362 _a22 Apr
650 _aPolice regulation
650 _aPolice
773 _aStatesman
909 _a53464
999 _c53464
_d53464